000 00407nam a22001697a 4500
005 20250911123612.0
008 250910b |||||||| |||| 00| 0 eng d
020 _a978-81-7233-535-9
041 _aeng
082 _a622.87 SAX-M
100 _aSAXENA, N.C
_98685
245 _aMINE CLOSURE
260 _aJODHPUR
_bSCIENTIFIC PUBLISHERS INDIA
_c2008
300 _a224;P
650 _aMINING
942 _cBK
999 _c8819
_d8817